<?xml version="1.0" encoding="UTF-8"?>
<record
    xmlns:xsi="http://www.w3.org/2001/XMLSchema-instance"
    xsi:schemaLocation="http://www.loc.gov/MARC21/slim http://www.loc.gov/standards/marcxml/schema/MARC21slim.xsd"
    xmlns="http://www.loc.gov/MARC21/slim">

  <leader>00896nam a22001577a 4500</leader>
  <controlfield tag="003">OSt</controlfield>
  <controlfield tag="005">20160105145804.0</controlfield>
  <controlfield tag="008">160105b        xxu||||| |||| 00| 0 eng d</controlfield>
  <datafield tag="040" ind1=" " ind2=" ">
    <subfield code="c">RUA</subfield>
  </datafield>
  <datafield tag="082" ind1=" " ind2=" ">
    <subfield code="a">LMA NEO 2011 B308 Or.1</subfield>
  </datafield>
  <datafield tag="100" ind1=" " ind2=" ">
    <subfield code="9">6039</subfield>
    <subfield code="a">NEOU, SEREIRATANA.</subfield>
  </datafield>
  <datafield tag="245" ind1=" " ind2=" ">
    <subfield code="a">Commune land use planning in kthom reay lech and kthom reay reay kaeut village, battrong commune, monkol borei district, banteay mean cheay province,  &#x1780;&#x17B6;&#x179A;&#x179A;&#x17C0;&#x1794;&#x1785;&#x17C6;&#x1795;&#x17C2;&#x1793;&#x1780;&#x17B6;&#x179A;&#x1794;&#x17D2;&#x179A;&#x17BE;&#x1794;&#x17D2;&#x179A;&#x17B6;&#x179F;&#x17CB;&#x178A;&#x17B8;&#x1792;&#x17D2;&#x179B;&#x17B8;&#x1790;&#x17D2;&#x1793;&#x17B6;&#x1780;&#x17CB;&#x1783;&#x17BB;&#x17C6; &#x1780;&#x17D2;&#x1793;&#x17BB;&#x1784;&#x1797;&#x17BC;&#x1798;&#x17B7;&#x1793;&#x1781;&#x17D2;&#x1796;&#x17BB;&#x17C6;&#x1798;&#x179A;&#x17B6;&#x1799;&#x179B;&#x17B7;&#x200B;&#x1793;&#x17B7;&#x1784;&#x1797;&#x17BC;&#x1798;&#x17B7;&#x1781;&#x17D2;&#x1796;&#x17BB;&#x17C6;&#x1798;&#x179A;&#x17B6;&#x1799;&#x1780;&#x17BE;&#x178F; &#x1793;&#x17C5;&#x1783;&#x17BB;&#x17C6;&#x1794;&#x178F;&#x17CB;&#x178F;&#x17D2;&#x179A;&#x1784;&#x17CB; &#x179F;&#x17D2;&#x179A;&#x17BB;&#x1780;&#x1794;&#x1784;&#x17D2;&#x1782;&#x179B;&#x1794;&#x17BB;&#x179A;&#x17B8; &#x1781;&#x17C1;&#x178F;&#x17D2;&#x178F;&#x1794;&#x1793;&#x17D2;&#x1791;&#x17B6;&#x1799;&#x1798;&#x17B6;&#x1793;&#x1787;&#x17D0;&#x1799;</subfield>
  </datafield>
  <datafield tag="260" ind1=" " ind2=" ">
    <subfield code="a">Phnom Penh</subfield>
    <subfield code="b">RUA</subfield>
    <subfield code="c">2011</subfield>
  </datafield>
  <datafield tag="300" ind1=" " ind2=" ">
    <subfield code="a">ix; 52p.</subfield>
    <subfield code="b">ill.</subfield>
    <subfield code="c">29cm.</subfield>
  </datafield>
  <datafield tag="942" ind1=" " ind2=" ">
    <subfield code="2">ddc</subfield>
    <subfield code="c">LMA</subfield>
  </datafield>
  <datafield tag="999" ind1=" " ind2=" ">
    <subfield code="c">5633</subfield>
    <subfield code="d">5633</subfield>
  </datafield>
</record>
